[Event "XIV. DBMM Schach"]
[Site "Dresden"]
[Date "2014.11.22"]
[Round "5.3"]
[White "Fitzke, Ulrich"]
[Black "Kaliski, Achim"]
[Result "1-0"]
[WhiteElo "1898"]
[BlackElo "1976"]
[Annotator "br"]
[PlyCount "85"]
[EventDate "2014.??.??"]
[EventType "team-swiss"]
[EventRounds "7"]
[EventCountry "GER"]
[Source "FV Schach e.V."]
[SourceDate "2015.07.06"]
[WhiteTeam "Deutsche Bahn/BSW Berlin II"]
[BlackTeam "Baubehoerde Hamburg"]
[WhiteTeamCountry "GER"]
[BlackTeamCountry "GER"]

1. d4 f5 2. c4 g6 3. Nf3 Nf6 4. Nc3 Bg7 5. e3 d6 6. Bd3 O-O 7. O-O Nc6 8. d5
Ne5 9. Nxe5 dxe5 10. e4 f4 11. f3 e6 12. b3 exd5 13. cxd5 Bd7 14. Ba3 Re8 15.
Rc1 c6 16. Bc4 b5 17. dxc6+ bxc4 18. cxd7 Qxd7 19. Qxd7 Nxd7 20. Nb5 Rec8 21.
Nd6 Rc6 22. Nxc4 Ra6 23. Rfd1 Nb6 24. Bc5 Nxc4 25. Rxc4 Rxa2 26. Ra4 Rxa4 27.
bxa4 Bf8 28. Bxf8 Rxf8 29. Rd5 Re8 30. Rd7 Rc8 31. h3 h5 32. h4 Ra8 33. Re7 a6
34. Rxe5 Kf7 35. Ra5 Ke6 36. Kf2 Kf6 37. g4 fxg3+ 38. Kxg3 Ke6 39. Kf4 Kf6 40.
Rc5 g5+ 41. hxg5+ Kg6 42. Rc6+ Kg7 43. Kg3 1-0

[Event "XIV. DBMM Schach"]
[Site "Dresden"]
[Date "2014.11.22"]
[Round "5.4"]
[White "Groeppel, Peter"]
[Black "Kaiser, Horst"]
[Result "1-0"]
[WhiteElo "1910"]
[BlackElo "1832"]
[Annotator "br"]
[PlyCount "150"]
[EventDate "2014.??.??"]
[EventType "team-swiss"]
[EventRounds "7"]
[EventCountry "GER"]
[Source "FV Schach e.V."]
[SourceDate "2015.07.06"]
[WhiteTeam "Baubehoerde Hamburg"]
[BlackTeam "Deutsche Bahn/BSW Berlin II"]
[WhiteTeamCountry "GER"]
[BlackTeamCountry "GER"]

1. d4 Nf6 2. c4 d6 3. Nc3 g6 4. e4 Bg7 5. h3 O-O 6. Nf3 c6 7. Be3 Nbd7 8. Be2
e5 9. d5 c5 10. Nd2 a6 11. a4 b6 12. g4 Nb8 13. h4 Qd7 14. Rg1 h6 15. g5 hxg5
16. hxg5 Nh7 17. a5 Qd8 18. axb6 Qxb6 19. Ra2 Bd7 20. Bg4 Ra7 21. Bxd7 Rxd7 22.
Nb3 f6 23. gxf6 Rxf6 24. Na5 Rdf7 25. Nc6 Nxc6 26. dxc6 Qxc6 27. Qd5 Qb6 28.
Qa8+ Rf8 29. Qxa6 Qd8 30. b3 Rf3 31. Re2 Qh4 32. Kd2 Rxe3 $11 33. fxe3 Ng5 34.
Kd3 Nf3 35. Rf1 Qh3 36. Qa1 g5 37. Rh1 Qg3 38. Qf1 Nd4 39. Qg2 Nxe2 40. Qxe2 g4
41. Rh2 Rf3 42. Nd5 Kf7 43. Qa2 Kg6 44. -- Qg1 45. Ne7+ Kf6 46. Nf5 g3 47. Rg2
Qd1+ 48. Qd2 Qxb3+ 49. Ke2 Rf2+ 50. Rxf2 Qxc4+ 51. Kf3 gxf2 52. Qxf2 Qf7 53.
Qh4+ Ke6 54. Qg4 Kf6 55. Nxd6 Ke7+ 56. Nf5+ Kf8 57. Qg5 Bf6 58. Qh6+ Kg8 59.
Nd6 Qg7 60. Qh3 Qg5 61. Qe6+ Kh7 62. Qf5+ Kg8 63. Qxg5+ Bxg5 64. Nc4 Bf6 65.
Kg4 Kf7 66. Kf5 Ke7 67. Nxe5 Bxe5 68. Kxe5 c4 69. Kd4 Ke6 70. Kxc4 Ke5 71. Kd3
Ke6 72. Kd4 Kd6 73. e5+ Ke6 74. e4 Ke7 75. Kd5 Kd7 1-0

[Event "XIV. DBMM Schach"]
[Site "Dresden"]
[Date "2014.11.22"]
[Round "5.1"]
[White "Safyanowsky, Mark"]
[Black "Wirth, Volker"]
[Result "1-0"]
[WhiteElo "2248"]
[BlackElo "1717"]
[Annotator "br"]
[PlyCount "59"]
[EventDate "2014.??.??"]
[EventType "team-swiss"]
[EventRounds "7"]
[EventCountry "GER"]
[Source "FV Schach e.V."]
[SourceDate "2015.07.06"]
[WhiteTeam "SV OSRAM Augsburg"]
[BlackTeam "Sparkassen-Vers. Stuttgart II"]
[WhiteTeamCountry "GER"]
[BlackTeamCountry "GER"]

1. Nf3 c5 2. g3 d6 3. Bg2 Nc6 4. c4 Nf6 5. O-O Bg4 6. h3 Bh5 7. Nc3 e6 8. d4
Be7 9. d5 exd5 10. cxd5 Nb8 11. e4 Nbd7 12. Bf4 a6 13. a4 O-O 14. g4 Bg6 15.
Nd2 Re8 16. Bh2 h5 17. f4 hxg4 18. hxg4 Kh8 19. g5 Ng8 20. Qg4 Nf8 21. Rf3 f6
22. Rh3+ Nh7 23. f5 fxg5 24. fxg6 Nh6 25. Rxh6 gxh6 26. gxh7 Bf6 27. Nc4 Be5
28. Nxe5 dxe5 29. Qh5 Qd6 30. Bh3 1-0

[Event "XIV. DBMM Schach"]
[Site "Dresden"]
[Date "2014.11.22"]
[Round "5.2"]
[White "Brethauer, Tim"]
[Black "Tokarev, Igor"]
[Result "0-1"]
[WhiteElo "1641"]
[BlackElo "2001"]
[Annotator "br"]
[PlyCount "60"]
[EventDate "2014.??.??"]
[EventType "team-swiss"]
[EventRounds "7"]
[EventCountry "GER"]
[Source "FV Schach e.V."]
[SourceDate "2015.07.06"]
[WhiteTeam "Sparkassen-Vers. Stuttgart II"]
[BlackTeam "SV OSRAM Augsburg"]
[WhiteTeamCountry "GER"]
[BlackTeamCountry "GER"]

1. e4 e5 2. Nf3 Nc6 3. Bb5 a6 4. Bxc6 dxc6 5. O-O f6 6. c3 Bd6 7. d4 Qe7 8.
dxe5 fxe5 9. Bg5 Nf6 10. Nbd2 Be6 11. Re1 O-O 12. Nf1 h6 13. Bh4 Qf7 14. b3 Nh5
15. Bg3 Nf4 16. Bxf4 Qxf4 17. Qd2 Qf7 18. Ng3 Kh7 19. Re2 a5 20. Rb1 g6 21. Re3
a4 22. bxa4 b6 23. Nh1 Rxa4 24. Nh4 Rxa2 25. Qe1 Qe7 26. Nxg6 Kxg6 27. Rg3+ Kh7
28. Qd1 Bc5 29. Qe1 Bc4 30. Rd1 Re2 0-1

[Event "XIV. DBMM Schach"]
[Site "Dresden"]
[Date "2014.11.22"]
[Round "5.4"]
[White "Stahr, Ralf Peter"]
[Black "Zunic, Josef"]
[Result "1-0"]
[WhiteElo "2042"]
[BlackElo "1807"]
[Annotator "br"]
[PlyCount "53"]
[EventDate "2014.??.??"]
[EventType "team-swiss"]
[EventRounds "7"]
[EventCountry "GER"]
[Source "FV Schach e.V."]
[SourceDate "2015.07.06"]
[WhiteTeam "Sparkassen-Vers. Stuttgart II"]
[BlackTeam "SV OSRAM Augsburg"]
[WhiteTeamCountry "GER"]
[BlackTeamCountry "GER"]

1. c4 Nf6 2. Nc3 g6 3. e4 d6 4. d4 Bg7 5. Be2 O-O 6. Nf3 c6 7. O-O Nbd7 8. e5
Ne8 9. e6 fxe6 10. Ng5 Ndf6 11. h4 h6 12. Nf3 Kh7 13. Qc2 Rg8 14. Bd3 Bf8 15.
h5 Nxh5 16. Nh4 Nef6 17. Bxg6+ Kh8 18. Bf7 Rg7 19. Ng6+ Rxg6 20. Qxg6 e5 21.
dxe5 dxe5 22. Bxh6 Nf4 23. Bxf4 exf4 24. Rad1 Qa5 25. Nd5 Bg7 26. Nxf6 exf6 27.
Rd8+ 1-0

[Event "XIV. DBMM Schach"]
[Site "Dresden"]
[Date "2014.11.22"]
[Round "5.2"]
[White "Uhlarz, Joerg"]
[Black "Figger, Udo"]
[Result "0-1"]
[WhiteElo "1743"]
[BlackElo "1906"]
[Annotator "br"]
[PlyCount "106"]
[EventDate "2014.??.??"]
[EventType "team-swiss"]
[EventRounds "7"]
[EventCountry "GER"]
[Source "FV Schach e.V."]
[SourceDate "2015.07.06"]
[WhiteTeam "W&W"]
[BlackTeam "Transit Hamburg II"]
[WhiteTeamCountry "GER"]
[BlackTeamCountry "GER"]

1. d4 b5 2. e4 Bb7 3. f3 a6 4. Bf4 e6 5. Bd3 Nf6 6. Ne2 c5 7. c3 Nc6 8. O-O Qb6
9. Bc2 cxd4 10. cxd4 e5 11. Be3 exd4 12. Bf2 Bc5 13. Nf4 Ne5 14. Nd3 d6 15. Nd2
a5 16. a4 b4 17. f4 Nxd3 18. Bxd3 O-O 19. e5 Qc6 20. Qf3 Qxf3 21. gxf3 dxe5 22.
fxe5 Nh5 23. Bg3 Rfe8 24. Rfe1 Re6 25. Rac1 Bb6 26. Kf2 Kf8 27. Nc4 Ba6 28.
Nxb6 Rxb6 29. Bxa6 Rbxa6 30. Rc5 g5 31. Rec1 Ng7 32. h4 Ne6 33. Rc6 h6 34. hxg5
hxg5 35. Rc8+ $11 Rxc8 36. Rxc8+ Kg7 37. Ke2 Kg6 38. Kd3 Kf5 39. Rc1 Ra7 40.
Bh2 Rd7 41. Bg3 Rd5 42. Bh2 Rc5 43. Rxc5 Nxc5+ 44. Kxd4 Nxa4 45. b3 Nb6 46. Kc5
Nd7+ 47. Kd5 a4 48. Kc4 a3 49. Bg1 Nxe5+ 50. Kxb4 a2 51. Bd4 Nc6+ 52. Ka3 Nxd4
53. Kxa2 Nxb3 0-1

[Event "XIV. DBMM Schach"]
[Site "Dresden"]
[Date "2014.11.22"]
[Round "5.3"]
[White "Basteck, Reiner"]
[Black "Nitsch, Norbert"]
[Result "0-1"]
[WhiteElo "1659"]
[BlackElo "1739"]
[Annotator "br"]
[PlyCount "55"]
[EventDate "2014.??.??"]
[EventType "team-swiss"]
[EventRounds "7"]
[EventCountry "GER"]
[Source "FV Schach e.V."]
[SourceDate "2015.07.06"]
[WhiteTeam "Transit Hamburg II"]
[BlackTeam "W&W"]
[WhiteTeamCountry "GER"]
[BlackTeamCountry "GER"]

1. d4 d5 2. Nf3 Nf6 3. c4 c6 4. e3 e6 5. Nc3 Nbd7 6. Bd3 dxc4 7. Bxc4 a6 8. O-O
b5 9. Bd3 c5 10. b3 Bb7 11. Bb2 Be7 12. Re1 O-O 13. Qe2 Nb6 14. Rad1 Qc7 15.
dxc5 Bxc5 16. Rc1 Qe7 17. e4 e5 18. h3 Nfd7 19. Bb1 Rfd8 20. Red1 f6 21. Nh2
Nf8 22. Nf1 Ne6 23. Ne3 Nd4 24. Qg4 Bc8 25. Qh4 Be6 26. Nf5 Bxf5 27. exf5 b4
28. Rxd4 0-1

[Event "XIV. DBMM Schach"]
[Site "Dresden"]
[Date "2014.11.22"]
[Round "5.2"]
[White "Santos, Paulo"]
[Black "Mikoteit, Siegfried"]
[Result "1-0"]
[WhiteElo "1800"]
[BlackElo "1304"]
[Annotator "br"]
[PlyCount "67"]
[EventDate "2014.??.??"]
[EventType "team-swiss"]
[EventRounds "7"]
[EventCountry "GER"]
[Source "FV Schach e.V."]
[SourceDate "2015.07.06"]
[WhiteTeam "EPA Muenchen II"]
[BlackTeam "SG Airbus Bremen"]
[WhiteTeamCountry "GER"]
[BlackTeamCountry "GER"]

1. e4 e5 2. Nf3 Nc6 3. Nc3 a6 4. Bc4 Nf6 5. d3 d6 6. Ng5 d5 7. Nxd5 Na5 8.
Nxf6+ Qxf6 9. Bxf7+ Ke7 10. Bb3 Nxb3 11. axb3 h6 12. Nf3 Bg4 13. Be3 Bxf3 14.
Qxf3 Qxf3 15. gxf3 Ke6 16. f4 exf4 17. Bxf4 Bd6 18. Bxd6 cxd6 19. O-O-O Rhf8
20. Rdf1 Rf3 21. Kd2 g5 22. Ke2 Raf8 23. h4 g4 24. h5 Ke5 25. Rhg1 Kf4 26. Rg3
Kg5 27. Rxf3 gxf3+ 28. Ke3 Kxh5 29. Rg1 Rf6 30. Rg3 b5 31. Rxf3 Rxf3+ 32. Kxf3
Kg5 33. Kg3 Kf6 34. f4 1-0

[Event "XIV. DBMM Schach"]
[Site "Dresden"]
[Date "2014.11.22"]
[Round "5.3"]
[White "Schroeder, Wilfried"]
[Black "Lange, Ronny"]
[Result "0-1"]
[WhiteElo "1400"]
[BlackElo "1693"]
[Annotator "br"]
[PlyCount "46"]
[EventDate "2014.??.??"]
[EventType "team-swiss"]
[EventRounds "7"]
[EventCountry "GER"]
[Source "FV Schach e.V."]
[SourceDate "2015.07.06"]
[WhiteTeam "SG Airbus Bremen"]
[BlackTeam "EPA Muenchen II"]
[WhiteTeamCountry "GER"]
[BlackTeamCountry "GER"]

1. e4 c5 2. Bc4 e6 3. e5 Qg5 4. Qf3 Qxe5+ 5. Ne2 a6 6. O-O d5 7. d4 cxd4 8. Bf4
Qf6 9. Bd3 Ne7 10. Nd2 e5 11. Nxd4 Qxf4 12. Qxf4 exf4 13. Rae1 Nbc6 14. Nxc6
bxc6 15. c4 Be6 16. b3 O-O-O 17. Nf3 Ng6 18. Bxg6 hxg6 19. Ne5 Kb7 20. Rd1 Rh5
21. cxd5 Bxd5 22. Nxf7 Rd7 23. f3 Bc5+ 0-1

[Event "XIV. DBMM Schach"]
[Site "Dresden"]
[Date "2014.11.22"]
[Round "5.4"]
[White "Sidoti, Filippo"]
[Black "Feldmann, Alfred"]
[Result "1/2-1/2"]
[WhiteElo "1597"]
[BlackElo "1435"]
[Annotator "br"]
[PlyCount "56"]
[EventDate "2014.??.??"]
[EventType "team-swiss"]
[EventRounds "7"]
[EventCountry "GER"]
[Source "FV Schach e.V."]
[SourceDate "2015.07.06"]
[WhiteTeam "EPA Muenchen II"]
[BlackTeam "SG Airbus Bremen"]
[WhiteTeamCountry "GER"]
[BlackTeamCountry "GER"]

1. d4 d5 2. c4 c6 3. Nf3 Nf6 4. e3 e6 5. a3 Be7 6. Nc3 Nbd7 7. b3 O-O 8. Bd3 b6
9. O-O Bb7 10. cxd5 cxd5 11. Qe2 a6 12. Bb2 Qb8 13. Rfc1 Ne4 14. a4 Ndf6 15.
Rc2 Rc8 16. h3 Qd6 17. Rac1 Qd7 18. Ne5 Qd8 19. Ng4 Bd6 20. Nxf6+ Nxf6 21. Nb1
Qd7 22. Rxc8+ Bxc8 23. Ba3 Bxa3 24. Nxa3 Qb7 25. Qc2 Bd7 26. Qc7 Qxc7 27. Rxc7
Rc8 28. Rxc8+ Bxc8 1/2-1/2

[Event "XIV. DBMM Schach"]
[Site "Dresden"]
[Date "2014.11.22"]
[Round "5.1"]
[White "Raum, Norbert"]
[Black "Zunk, Olaf"]
[Result "1-0"]
[WhiteElo "1816"]
[BlackElo "1402"]
[Annotator "br"]
[PlyCount "87"]
[EventDate "2014.??.??"]
[EventType "team-swiss"]
[EventRounds "7"]
[EventCountry "GER"]
[Source "FV Schach e.V."]
[SourceDate "2015.07.06"]
[WhiteTeam "Baubehoerde Hamburg II"]
[BlackTeam "ADAC Muenchen II"]
[WhiteTeamCountry "GER"]
[BlackTeamCountry "GER"]

1. g3 e5 2. c4 d6 3. Bg2 Nf6 4. Nc3 c6 5. e4 Be6 6. d3 Be7 7. Nge2 O-O 8. O-O
Nbd7 9. Qc2 Rc8 10. f4 exf4 11. Nxf4 Qb6+ 12. Qf2 Qxf2+ 13. Rxf2 Nb6 14. Nxe6
fxe6 15. Bh3 Kh8 16. Bxe6 Rcd8 17. Bg5 d5 18. Rf3 Bc5+ 19. Kg2 Rde8 20. cxd5
cxd5 21. Bxd5 Nbxd5 22. exd5 Bd4 23. Bxf6 Bxf6 24. Raf1 Kg8 25. R1f2 Rd8 26.
Rf5 a6 27. Na4 Bd4 28. Rxf8+ Rxf8 29. Rxf8+ Kxf8 30. Kf3 Ke7 31. Nc3 Kd6 32.
Ke4 Bg1 33. h3 Bh2 34. Ne2 g6 35. Kf3 Kxd5 36. Kg2 Bxg3 37. Kxg3 h6 38. Kg4 b5
39. b4 Ke5 40. h4 Kd5 41. Kf4 Ke6 42. Ke4 Kf6 43. d4 g5 44. h5 1-0

[Event "XIV. DBMM Schach"]
[Site "Dresden"]
[Date "2014.11.22"]
[Round "5.2"]
[White "Lajh, Anton"]
[Black "Hoffeins, Hans Werner"]
[Result "0-1"]
[WhiteElo "1530"]
[BlackElo "1791"]
[Annotator "br"]
[PlyCount "64"]
[EventDate "2014.??.??"]
[EventType "team-swiss"]
[EventRounds "7"]
[EventCountry "GER"]
[Source "FV Schach e.V."]
[SourceDate "2015.07.06"]
[WhiteTeam "ADAC Muenchen II"]
[BlackTeam "Baubehoerde Hamburg II"]
[WhiteTeamCountry "GER"]
[BlackTeamCountry "GER"]

1. e4 d6 2. Bc4 Nf6 3. Nc3 Nbd7 4. h3 c6 5. d3 a5 6. a4 e5 7. Nf3 Nc5 8. Bg5
Be6 9. Bxe6 Nxe6 10. O-O Be7 11. Be3 Qc7 12. b3 O-O 13. Qd2 Rfd8 14. Bg5 Nxg5
15. Nxg5 h6 16. Nf3 Rac8 17. Qe2 d5 18. Rad1 d4 19. Nb1 Nh5 20. Nh2 Nf4 21. Qf3
Rd6 22. g4 Bh4 23. Nd2 b5 24. Rb1 Rf6 25. Kh1 Qd7 26. Rg1 Ne6 27. Qd1 Bxf2 28.
Rf1 Bh4 29. Rxf6 Bxf6 30. Nhf3 Nf4 31. Kh2 h5 32. g5 Qxh3+ 0-1

[Event "XIV. DBMM Schach"]
[Site "Dresden"]
[Date "2014.11.22"]
[Round "5.4"]
[White "Zunk, Steffi"]
[Black "Hein, Andrea"]
[Result "1/2-1/2"]
[WhiteElo "822"]
[BlackElo "1430"]
[Annotator "br"]
[PlyCount "46"]
[EventDate "2014.??.??"]
[EventType "team-swiss"]
[EventRounds "7"]
[EventCountry "GER"]
[Source "FV Schach e.V."]
[SourceDate "2015.07.06"]
[WhiteTeam "ADAC Muenchen II"]
[BlackTeam "Baubehoerde Hamburg II"]
[WhiteTeamCountry "GER"]
[BlackTeamCountry "GER"]

1. e4 e5 2. Bc4 Nf6 3. d3 h6 4. Nf3 Nc6 5. c3 Be7 6. O-O O-O 7. Be3 a6 8. Nbd2
d6 9. a3 Bg4 10. h3 Bxf3 11. Nxf3 Nh7 12. d4 exd4 13. cxd4 Bf6 14. Re1 Qd7 15.
d5 Ne5 16. Nd2 Rfe8 17. Qb3 Nxc4 18. Qxc4 Re7 19. Rab1 Rae8 20. Qb4 Qb5 21.
Qxb5 axb5 22. f3 c6 23. b3 Bc3 1/2-1/2

[Event "XIV. DBMM Schach"]
[Site "Dresden"]
[Date "2014.11.22"]
[Round "6.2"]
[White "Kleeschaetzky, Ralf"]
[Black "Scholvin, Erich"]
[Result "1/2-1/2"]
[WhiteElo "2239"]
[BlackElo "2105"]
[Annotator "br"]
[PlyCount "55"]
[EventDate "2014.??.??"]
[EventType "team-swiss"]
[EventRounds "7"]
[EventCountry "GER"]
[Source "FV Schach e.V."]
[SourceDate "2015.07.06"]
[WhiteTeam "Deutsche Bahn/BSW Berlin"]
[BlackTeam "SV RAPID Unilever Hamburg"]
[WhiteTeamCountry "GER"]
[BlackTeamCountry "GER"]

1. Nf3 e6 2. c4 f5 3. g3 Nf6 4. Bg2 Be7 5. O-O O-O 6. Nc3 d6 7. d4 Qe8 8. Qc2
Qg6 9. Re1 Nc6 10. d5 Nb4 11. Qb3 Na6 12. dxe6 Nc5 13. Qc2 Bxe6 14. Nb5 Bd8 15.
Nbd4 Nfe4 16. b4 Nd7 17. Nxe6 Qxe6 18. Nd4 Qg6 19. Bb2 c5 20. bxc5 Ndxc5 21.
Nb3 Bb6 22. e3 Rac8 23. Rad1 Rfd8 24. Nxc5 Bxc5 25. g4 d5 26. gxf5 Qxf5 27.
cxd5 Re8 28. Qe2 1/2-1/2

[Event "XIV. DBMM Schach"]
[Site "Dresden"]
[Date "2014.11.22"]
[Round "6.4"]
[White "Kuhne, Detlev"]
[Black "Ristic, Sreten"]
[Result "1-0"]
[WhiteElo "2131"]
[BlackElo "1925"]
[Annotator "br"]
[PlyCount "105"]
[EventDate "2014.??.??"]
[EventType "team-swiss"]
[EventRounds "7"]
[EventCountry "GER"]
[Source "FV Schach e.V."]
[SourceDate "2015.07.06"]
[WhiteTeam "Deutsche Bahn/BSW Berlin"]
[BlackTeam "SV RAPID Unilever Hamburg"]
[WhiteTeamCountry "GER"]
[BlackTeamCountry "GER"]

1. Nf3 d6 2. d4 b6 3. g3 Bb7 4. Bg2 Nd7 5. O-O e6 6. c4 c5 7. Nc3 Ngf6 8. Re1
a6 9. e4 cxd4 10. Qxd4 Qc7 11. b3 Be7 12. Bb2 Rc8 13. Rad1 e5 14. Qe3 O-O 15.
Bh3 Rcd8 16. Ba3 Nc5 17. Bxc5 bxc5 18. Nh4 g6 19. Ng2 Bc8 20. Bxc8 Qxc8 21. Qf3
Rfe8 22. Ne3 Rd7 23. Ned5 Nxd5 24. Nxd5 Qd8 25. Rd3 Kg7 26. Red1 Bf8 27. Kg2
Re6 28. h4 f6 29. Qg4 Qe8 30. h5 Kh8 31. hxg6 Rg7 32. Qh3 Qd7 33. gxh7 Qf7 34.
Rh1 a5 35. Rf3 Rg5 36. Qh4 Qg6 37. Qh3 Qf7 38. Rf5 Rg6 39. Rh5 Rg5 40. f3 Rg6
41. Rf5 Qg7 42. g4 Re8 43. Qh4 Re6 44. Rh5 Re8 45. Rh3 Qf7 46. Rg3 Bg7 47. Ne3
Bf8 48. Nf5 Ra8 49. g5 a4 50. gxf6 Rxg3+ 51. Kxg3 axb3 52. axb3 Ra7 53. Rg5 1-0

[Event "XIV. DBMM Schach"]
[Site "Dresden"]
[Date "2014.11.22"]
[Round "6.1"]
[White "Meister, Jakob"]
[Black "Dekker, Derk"]
[Result "1-0"]
[WhiteElo "2466"]
[BlackElo "1856"]
[Annotator "br"]
[PlyCount "51"]
[EventDate "2014.??.??"]
[EventType "team-swiss"]
[EventRounds "7"]
[EventCountry "GER"]
[Source "FV Schach e.V."]
[SourceDate "2015.07.06"]
[WhiteTeam "SK Praesident Berlin"]
[BlackTeam "EPA Muenchen"]
[WhiteTeamCountry "RUS"]
[BlackTeamCountry "GER"]

1. d4 d5 2. Bf4 Nf6 3. e3 c5 4. dxc5 Qa5+ 5. Nc3 Qxc5 6. Bxb8 Rxb8 7. Bb5+ Nd7
8. Qxd5 e6 9. Qxc5 Bxc5 10. Ne4 Be7 11. O-O-O a6 12. Be2 Nf6 13. Nxf6+ Bxf6 14.
Nf3 Bd7 15. Nd2 g6 16. Ne4 Bg7 17. Nc5 Bc6 18. Bf3 Bxf3 19. gxf3 a5 20. Rd3 b6
21. Ne4 Ke7 22. Rhd1 Rb7 23. Nd6 Rc7 24. Nb5 Rb7 25. a4 Rc8 26. Nd6 1-0

[Event "XIV. DBMM Schach"]
[Site "Dresden"]
[Date "2014.11.22"]
[Round "6.2"]
[White "Liefrink, Feike"]
[Black "Salov, Sergej"]
[Result "0-1"]
[WhiteElo "2025"]
[BlackElo "2256"]
[Annotator "br"]
[PlyCount "176"]
[EventDate "2014.??.??"]
[EventType "team-swiss"]
[EventRounds "7"]
[EventCountry "GER"]
[Source "FV Schach e.V."]
[SourceDate "2015.07.06"]
[WhiteTeam "EPA Muenchen"]
[BlackTeam "SK Praesident Berlin"]
[WhiteTeamCountry "GER"]
[BlackTeamCountry "RUS"]

1. e4 c5 2. d4 cxd4 3. c3 d5 4. exd5 Qxd5 5. cxd4 Nc6 6. Nf3 e6 7. Nc3 Qd8 8.
Bf4 Nf6 9. Bc4 Be7 10. O-O O-O 11. Re1 Na5 12. Bd3 b6 13. Be5 Bb7 14. Ng5 h6
15. Nge4 Nxe4 16. Bxe4 Bxe4 17. Nxe4 f6 18. Bf4 Nc6 19. Qh5 Qe8 20. Qh3 Nxd4
21. Nd6 Bxd6 22. Bxd6 Rf7 23. Rad1 Nf5 24. Qb3 e5 25. g4 Nh4 26. Rd3 Rd8 27.
Red1 e4 28. Rd5 Kh8 29. Bg3 Rxd5 30. Qxd5 Nf3+ 31. Kg2 Re7 32. Bf4 Qc8 33. h3
Nh4+ 34. Kf1 Qa6+ 35. Kg1 Nf3+ 36. Kg2 Nh4+ 37. Kg1 Kh7 38. Be3 Qe2 39. Kh2
Qxb2 40. Qh5 Qe5+ 41. Qxe5 Nf3+ 42. Kg3 Nxe5 43. Rd4 Nd3 44. Ra4 g5 45. Rc4 Kg6
46. Bd4 Rd7 47. Be3 Re7 48. Bd4 Re6 49. Rc7 a6 50. a4 Nf4 51. Rc2 h5 52. h4
hxg4 53. hxg5 fxg5 54. Kxg4 Nd5 55. Re2 Nf6+ 56. Kg3 Kf5 57. Rb2 Nd5 58. Rb3
Rc6 59. f3 exf3 60. Kxf3 Rc4 61. a5 Rxd4 62. axb6 Rb4 63. Ra3 Rxb6 64. Ra5 Rd6
65. Kg3 g4 66. Kf2 Kf4 67. Ra4+ Kg5 68. Kg3 Ne3 69. Ra5+ Nf5+ 70. Kf2 Kf4 71.
Ra4+ Nd4 72. Kg2 g3 73. Kf1 Ke4 74. Kg2 Rg6 75. Ra3 Kd5 76. Ra4 Kc5 77. Ra2 Kb4
78. Rb2+ Nb3 79. Re2 a5 80. Re4+ Ka3 81. Re3 a4 82. Re2 Nd4 83. Re4 Rd6 84.
Kxg3 Kb2 85. Kf4 a3 86. Ke5 Re6+ 87. Kxd4 Rxe4+ 88. Kxe4 a2 0-1

[Event "XIV. DBMM Schach"]
[Site "Dresden"]
[Date "2014.11.22"]
[Round "6.3"]
[White "Gruzmann, Boris"]
[Black "Segerberg, Tomas"]
[Result "1/2-1/2"]
[WhiteElo "2246"]
[BlackElo "2075"]
[Annotator "br"]
[PlyCount "92"]
[EventDate "2014.??.??"]
[EventType "team-swiss"]
[EventRounds "7"]
[EventCountry "GER"]
[Source "FV Schach e.V."]
[SourceDate "2015.07.06"]
[WhiteTeam "SK Praesident Berlin"]
[BlackTeam "EPA Muenchen"]
[WhiteTeamCountry "RUS"]
[BlackTeamCountry "GER"]

1. e4 e6 2. d4 d5 3. e5 c5 4. c3 Qb6 5. Nf3 Nc6 6. a3 f6 7. Bd3 c4 8. Bc2 fxe5
9. dxe5 Nh6 10. O-O g6 11. Re1 Bg7 12. Nd4 Nf7 13. f4 O-O 14. Kh1 Bd7 15. Ra2
Nh6 16. Be3 Nxd4 17. cxd4 Qd8 18. Nd2 b5 19. Rf1 a5 20. Nf3 b4 21. axb4 axb4
22. Rxa8 Qxa8 23. Ng5 b3 24. Bb1 Nf5 25. Bxf5 gxf5 26. g4 h6 27. gxf5 Rxf5 28.
Nf3 Be8 29. Nh4 Rh5 30. Qg4 Rxh4 31. Qxh4 Bg6 32. Bd2 Qf8 33. h3 Qf5 34. Kh2
Qd3 35. Rf2 Qxd4 36. Rg2 Qe4 37. Qg4 Qf5 38. Qxg6 Qxg6 39. Rxg6 Kf7 40. Rxg7+
Kxg7 41. Bc3 Kg6 42. Kg3 Kf5 43. Kf3 h5 44. Ke3 Kg6 45. Bd2 Kf5 46. Kd4 Kg6
1/2-1/2

[Event "XIV. DBMM Schach"]
[Site "Dresden"]
[Date "2014.11.22"]
[Round "6.4"]
[White "Bohnhoff, Peter"]
[Black "Mueller, Reinhard"]
[Result "1/2-1/2"]
[WhiteElo "2060"]
[BlackElo "2129"]
[Annotator "br"]
[PlyCount "22"]
[EventDate "2014.??.??"]
[EventType "team-swiss"]
[EventRounds "7"]
[EventCountry "GER"]
[Source "FV Schach e.V."]
[SourceDate "2015.07.06"]
[WhiteTeam "EPA Muenchen"]
[BlackTeam "SK Praesident Berlin"]
[WhiteTeamCountry "GER"]
[BlackTeamCountry "RUS"]

1. d4 e6 2. Nf3 d5 3. e3 f5 4. c4 c6 5. Bd3 Nf6 6. O-O Bd6 7. b3 Qe7 8. Bb2 O-O
9. Qc1 Ne4 10. Ba3 Bxa3 11. Nxa3 Nd7 1/2-1/2

[Event "XIV. DBMM Schach"]
[Site "Dresden"]
[Date "2014.11.22"]
[Round "6.1"]
[White "Seger, Ruediger"]
[Black "Schreiter, Thomas"]
[Result "1-0"]
[WhiteElo "2372"]
[BlackElo "2037"]
[Annotator "br"]
[PlyCount "79"]
[EventDate "2014.??.??"]
[EventType "team-swiss"]
[EventRounds "7"]
[EventCountry "GER"]
[Source "FV Schach e.V."]
[SourceDate "2015.07.06"]
[WhiteTeam "Deutsche Post Bonn"]
[BlackTeam "le-tex GmbH Leipzig"]
[WhiteTeamCountry "GER"]
[BlackTeamCountry "GER"]

1. e4 e6 2. d4 d5 3. Nd2 c5 4. exd5 Qxd5 5. Ngf3 cxd4 6. Bc4 Qd6 7. Qe2 Nf6 8.
Nb3 Nc6 9. Bg5 Be7 10. O-O-O h6 11. Bh4 Qf4+ 12. Kb1 Qe4 13. Rhe1 Qxe2 14. Rxe2
a6 15. Nbxd4 Nxd4 16. Nxd4 b5 17. Bb3 Bb7 18. f3 Rd8 19. c3 O-O 20. a4 b4 21.
Nf5 Rxd1+ 22. Bxd1 Bd8 23. Nd6 Bd5 24. c4 Bc6 25. Be1 a5 26. Nb5 Bb6 27. Rd2
Bc5 28. Nd4 Bb7 29. Nb3 Bb6 30. Bf2 Bc7 31. Bg3 e5 32. Bc2 Bc6 33. Nd4 Rd8 34.
Kc1 Be8 35. Nb5 Rxd2 36. Kxd2 Bb8 37. Bf2 Nd7 38. Bf5 Kf8 39. Bxd7 Bxd7 40. Bb6
1-0

[Event "XIV. DBMM Schach"]
[Site "Dresden"]
[Date "2014.11.22"]
[Round "6.2"]
[White "Hoffmann, Hendrik"]
[Black "Stanetzek, Carsten"]
[Result "1/2-1/2"]
[WhiteElo "2193"]
[BlackElo "2233"]
[Annotator "br"]
[PlyCount "29"]
[EventDate "2014.??.??"]
[EventType "team-swiss"]
[EventRounds "7"]
[EventCountry "GER"]
[Source "FV Schach e.V."]
[SourceDate "2015.07.06"]
[WhiteTeam "le-tex GmbH Leipzig"]
[BlackTeam "Deutsche Post Bonn"]
[WhiteTeamCountry "GER"]
[BlackTeamCountry "GER"]

1. e4 e5 2. Nf3 Nc6 3. Nc3 Nf6 4. d4 exd4 5. Nxd4 Bb4 6. Nxc6 bxc6 7. Bd3 d5 8.
exd5 cxd5 9. O-O O-O 10. Bg5 c6 11. Qf3 h6 12. Bxf6 Qxf6 13. Qxf6 gxf6 14. Ne2
Bd6 15. Nd4 1/2-1/2